| 000 | 00467nam a22001817a 4500 | ||
|---|---|---|---|
| 005 | 20230111103852.0 | ||
| 008 | 221219b |||||||| |||| 00| 0 eng d | ||
| 020 | _a0-632-04973-1 | ||
| 041 | _aeng | ||
| 082 | _a651.82 HOL-P | ||
| 100 |
_aHOLLS, MARGARET AND COOK, FLECTHER ,PHYL _97383 |
||
| 245 | _aPRACTICAL EXERCISE THEARAPY | ||
| 250 | _a4th ed. | ||
| 260 |
_aJAPAN _bBLACK WELL SCIENCE _c1976 |
||
| 300 | _a280;P. | ||
| 650 |
_aBPT _96963 |
||
| 942 | _cBK | ||
| 999 |
_c8101 _d8099 |
||